000 00881 a2200181 4500
003 Nust
005 20230717093659.0
040 _cNust
082 _a547.19,FUR
100 _aFurniss B.S
_9100212
245 _aA practical organic Chemistry /
_bVogel 's Textbook
250 _a5th ed
260 _aIslamabad,
_bNational Book Foundations,
300 _a1513:p.
505 _aOrganic Synthesis (Page-1), Experimental Techniques (Page-26), Spectroscopic methods and the Interpretation (Page-254), Solvent and Reagents (Page-395), Aliphatic Compounds (Page-470), Aromatic Compounds (Page-824), Selected Alicyclic Compounds (Page-1087), Selected Heterocyclic Compounds (Page-1127), Investigation and characterization of organic Compounds (Page-1196), Physical CONSTANTS OF Organic Compounds (Page-1298).
650 _a organic chemistry,
_961219
942 _2ddc
_cBK
_k547.19,FUR
999 _c184309
_d184309